[Event "Gibraltar Masters 9th"]
[Site "Caleta"]
[Date "2011.02.02"]
[Round "9"]
[White "Caruana, Fabiano"]
[Black "Ivanchuk, Vassily"]
[Result "0-1"]
[WhiteElo "2721"]
[BlackElo "2764"]
[Annotator "Caruana,F"]
[PlyCount "82"]
[EventDate "2011.01.25"]
[EventType "swiss"]
[EventRounds "10"]
[EventCountry "GGB"]
[SourceTitle "CBM 141"]
[Source "ChessBase"]
[SourceDate "2011.03.17"]
[SourceVersion "1"]
[SourceVersionDate "2011.03.17"]
[SourceQuality "1"]

{This game was played in the ninth round. If I won, I would be tied with
Ivanchuk before the final round.} 1. e4 e5 2. Nf3 Nc6 3. Bb5 a6 4. Bxc6 dxc6 5.
O-O f6 6. d4 Bg4 7. c3 {An interesting choice. I didn't remember much after
this move, but I knew it was the only chance to fight.} (7. dxe5 Qxd1 8. Rxd1
fxe5 9. Rd3 {is very safe for White, but doesn't offer many winning chances. I
actually played this position from the black side against Sergei Karjakin, and
drew, but I was suffering the whole game.} Bd6 10. Nbd2 Nf6 (10... b5 $5 {
is another, more complicated alternative.}) 11. Nc4 O-O 12. Nfxe5 Be2 13. Re3
Bxc4 14. Nxc4 Bc5 15. Re1 Rae8 16. Be3 Bxe3 17. Rxe3 Rxe4 18. Rxe4 Nxe4 19. f3
Nd6 20. Ne3 {In this slightly worse position I successfully defended:} a5 21.
Rd1 Re8 22. Kf2 Re5 23. Rd4 Kf7 24. f4 Rh5 25. h3 Ke6 26. Kf3 b5 27. c3 a4 28.
Rd1 Rc5 29. a3 g5 30. g4 gxf4 31. Kxf4 Re5 32. h4 h5 33. gxh5 Rxh5 34. Rh1 c5
35. Rh3 Kf7 36. Kg4 Re5 37. h5 Kg7 38. Kf4 Re4+ 39. Kf3 Re5 40. h6+ Kh7 41. Kf4
Re4+ 42. Kg5 Nf7+ 43. Kf5 Nd6+ 44. Kf6 b4 45. cxb4 {1/2-1/2 Karjakin,S (2720)
-Caruana,F (2675)/Wijk aan Zee 2010/CBM 135}) 7... Qe7 $146 {An extremely rare
move. In fact, I could only find correspondence games where this move was
played! Despite this, it is a reasonable idea, and it's difficult to prove an
advantage.} 8. dxe5 $5 {A reasonable move, but I wasn't able to find the
correct follow-up. Black should be fine after this, but the alternatives don't
offer any advantage.} (8. Be3 {is natural, but offers no advantage:} exd4 9.
Qxd4 Bxf3 (9... Rd8 $6 10. Qa7 {is unpleasant for Black.}) 10. gxf3 Qe6 11. Nd2
Bd6 {, and White's damaged kingside gives Black sufficient counterchances.}) (
8. h3 Bh5 9. Re1 O-O-O 10. Nbd2 {was another variation I considered, but I
didn't see how to continue after a simple move like} Nh6) 8... fxe5 9. Re1 $6 {
Too slow. I wanted to continue Nbd2-f1-g3 in order to trade Black's
light-squared bishop, but it was more important to stop Black from playing ...
Bc5.} ({Strongest is} 9. Be3 $1 Nf6 10. Nbd2 O-O-O (10... Qe6 11. Qb3 {can't
be very promising for Black.}) 11. Qc2 {Now White just wants to attack with b4,
a4, b5. Black has to be very accurate.} h6 12. b4 Qe6 (12... Bh5 13. a4 Ng4 {
, and now I'm impressed with the seemingly very anti-positional} 14. b5 $1 Nxe3
15. fxe3 {, and White's attack is very strong.} Qc5 (15... a5 16. bxc6 b6 17.
Nc4 $16) 16. bxa6 bxa6 17. Rab1 $40 {The e3-pawn doesn't even matter, as Black
is close to getting mated.}) 13. a4 Nd7 {A good move; it is necessary to have
the e-pawn protected. Black is on the defensive here, but his position is
still solid.} 14. Rfb1 (14. b5 a5 {is o.k. for Black.}) 14... g5 {Many other
moves are possible as well.} 15. c4 (15. b5 {is again met by} a5) 15... c5 (
15... Bh5 $2 16. c5 {, with b5 to come, is unpleasant for Black.}) 16. bxc5 (
16. b5 a5 {shores up the queenside.}) 16... Bxf3 17. Nxf3 Bxc5 18. Qb2 Qc6 19.
Bxc5 Nxc5 20. Nxe5 Qxe4 21. Nf7 Nd3 22. Qb3 Rdf8 23. Nxh8 Rxf2 24. Qxb7+ Qxb7
25. Rxb7 Kxb7 26. Rd1 Rf8 {Finally, Black has a better endgame due to the
vulnerability of White's queenside pawns. This variation was hardly forced,
but in any case White seems unable to prove an advantage.}) 9... Nf6 10. Nbd2
O-O-O 11. Qe2 Qe6 {Black prepares ...BNc5. White already is playing for
equality.} 12. h3 Bh5 13. Nf1 Bc5 14. Ng3 Rhf8 {Now White is under pressure.
All of Black's pieces are aiming at the White king!} 15. Be3 {Trying to trade
off some pieces. A good idea; the only problem is that Black will gain control
over the d-file.} Bxe3 16. Qxe3 Bxf3 17. Qxf3 Rd2 18. Re2 Rfd8 {Here I spent a
lot of time deciding between 19.Qe3 and 19.Nf1. I really could have used the
time later. The funny thing is that both moves have pretty much the same value,
so it was a real waste of time!} 19. Qe3 ({I was worried about} 19. Nf1 Rd1 20.
Rxd1 Rxd1 {, but the computer shows that White is perfectly fine after} 21. Qf5
$1 {The position looks dangerous, but Black can't create threats with his rook
alone.}) 19... R2d3 $1 {Good play. Vassily is keeping the position as
complicated as possible. The queen creates threats from a7, but it is also in
danger of being trapped!} 20. Qa7 (20. Qg5 $6 g6 {, and White is really
suffering because Black dominates the d-file.}) 20... Qc4 $5 {Enterprising. I
had been expecting 20...Nd7, which is also a very challenging move.} (20... Nd7
21. a4 (21. Nf5 g6 22. Ne3 Nb6 23. a4 Rd2 24. Rxd2 Rxd2 25. a5 Nd7 {, and
White's pawns are dropping like flies.}) 21... Qc4 (21... c5 22. Nf5 g6 23. Ne3
c6 24. b4 {, and White has sufficient counterplay.}) (21... Qb3 22. Nf5 Rd1+
23. Re1 Rxe1+ 24. Rxe1 {is unclear.}) ({Black can consider} 21... g6 $5 22. Nf1
Qc4 {, with some pressure. The idea is to trade queens with ...Qc5, with a
better ending.}) 22. Nf5 Qc5 23. Qa8+ ({The ending after} 23. Qxc5 Nxc5 24.
Nxg7 Rd2 25. Rxd2 Rxd2 {is unpleasant, but White may be able to salvage a draw.
}) 23... Nb8 24. Nxg7 {The computer considers White's position fine, but from
a human point of view it seems very risky to play without a queen! However, I
was unable to prove an advantage for Black.} Rd2 25. Rae1 Rxe2 26. Rxe2 Rd1+
27. Kh2 {, and White will start counterplay with Nf5 and Re3-f3.}) 21. Re3 {
A reasonable move. The alternative 21.Nf5 would have led to unfathomable
complications. In my opinion it would be unnecessarily risky.} (21. Qa8+ $4 {
loses:} Kd7 22. Qxb7 Rxg3 23. Rd2+ Rd3 24. Qb3 Qxb3 25. Rxd3+ Ke7 $19) (21. Nf5
{was also possible. In the ensuing play Black seems to have the upper hand,
but it's highly complex.} g6 ({The greedy} 21... Rxh3 {is well met in a number
of ways. One such way is} 22. Ree1 Rhd3 23. Qa8+ Kd7 24. Qxb7 {, and Black can
only be worse.}) (21... Rd1+ 22. Re1 Rxa1 23. Rxa1 Qe2 (23... Qxe4 24. Ng3 {
, with Qa8 to come, winning the b7-pawn.}) 24. Qa8+ Kd7 25. Qxb7 Nxe4 26. f3 $1
{, and Black's attack has been staved off.} (26. Rf1 $2 Rf8 {is, on the other
hand, losing for White.})) (21... Qb5 22. c4 Qb4 23. Nxg7 Rd1+ 24. Rxd1 Rxd1+
25. Kh2 Qxc4 26. Qa8+ Kd7 27. Re3 {, and White is fine.} ({Or} 27. Qf8 {
, which always seems to end in a draw.})) 22. Ne3 Qb5 23. Ree1 {A clever move.
The idea is simply to prepare Rad1. The b2-pawn is obviously taboo due to Rab1.
} Nd7 ({Not} 23... Nxe4 $2 24. Ng4 {, and the tables have turned dramatically!}
) (23... Rd2 24. Rad1 Nxe4 (24... Rxd1 $4 {is of course impossible because of}
25. Qa8+ Kd7 26. Rxd1+ Nd5 27. Qa7 $18) 25. Ng4 (25. Rxd2 Nxd2 26. Ng4 {
is an attempt to play for a win.}) 25... Rxd1 26. Qa8+ Kd7 27. Rxd1+ Nd6 28.
Nf6+ Ke7 29. Ng8+ {, with a draw by perpetual check.}) ({The endgame arising
after} 23... Qb6 24. Qxb6 cxb6 25. Nc4 {is not worse for White.}) 24. a4 {
Black was threatening ...Nb6, so White's hand is forced.} Qb6 (24... Qb3 {
is met by} 25. Ra3 {, which can only help White.} Qxb2 $2 26. Nc4 Qc2 27. Na5
$40) (24... Qc5 25. Qa8+ $5 {The endgame after 25.Qxc5 Nxc5 26.Nc4 is probably
about equal.} Nb8 26. b4 $5 Qxc3 27. b5 {, with complex play.}) 25. Qa8+ (25.
Qxb6 cxb6 26. f3 Kc7 27. Kf2 Nc5 {looks like an uncomfortable ending.}) 25...
Nb8 {, and in this strange position I believe Black is better. The computer
suggests great moves like 26.Rf1!? and evaluates the position as nearly equal,
but with the queen stuck on a8 I would feel very uncomfortable. However, if
White gets b4-b5 in at an opportune moment he might obtain sufficient
counterplay.}) 21... Rxe3 22. Qxe3 g6 $1 {Very impressive, patient play. I had
overlooked this possibility. Black just takes the f5-square away from White's
knight, and White doesn't have a single useful move!} 23. Qa7 ({Perhaps White
should have tried} 23. Qg5 $5 Qe6 (23... Nd7 {met by} 24. Qe7 {, with some
counterplay.}) 24. Re1 Nd7 25. b3 Nc5 26. Nf1 {, and White seems to be holding
on.}) 23... Nd7 24. Qe3 {I have to go back, as otherwise my queen will be
trapped!} (24. Rd1 $6 Rf8 {, and due to the dual threats of ...Nb6 and ...Qxa2
White is in serious trouble.}) 24... Qb5 $1 {Another nice move.} (24... Nc5 $5
25. b3 Qb5 {was also possible.} 26. Qh6 (26. a4 Qb6) ({After a move like} 26.
Rc1 $5 {Black is certainly better, but White should be able to defend.}) 26...
Nd3 27. Qxh7 Qc5 28. Rf1 Nf4 {, and Black has a strong initiative.}) 25. b3 Qc5
{After provoking b3, Black offers a trade of queens.} 26. Qd3 {Avoiding the
trade. Probably a correct decision.} (26. Nf1 Qxe3 27. Nxe3 Nc5 28. f3 Rd3 29.
Nc4 Rxc3 30. Nxe5 Rc2 {I saw this positon during the game, and didn't like it.
Black's pieces are dominating, and next he will play ...Ne6-d4/f4, and then
start with ...c5, ...b5 and ...c4, creating a passed pawn. I didn't see any
way to get counterplay.}) 26... Nf8 {Black sets his eyes on the f4-square.} 27.
Qc2 Ne6 28. Nf1 $4 {The culmination of an unpleasant defence. I was low on
time, got nervous and just played the first move that came to mind.} ({I first
thought about, then saw} 28. Ne2 Qd6 $1 {is very strong. White can't stop ...
Qd2. That's when I realised how useful the knight would be on e3......} (28...
Nd4 29. Nxd4 exd4 30. c4 Qe5 31. Qd3 c5 {is also pretty good for Black.})) (28.
Rc1 $1 Nf4 29. Nf1 {would have been a tough defence. Black is of course
clearly better, but White should hold.}) 28... Nd4 $19 {And that's it. I lose
a pawn and have all the old positional problems to worry about too.} 29. Qd1 (
29. Qb2 Qxc3 30. Qxc3 Ne2+ 31. Kh2 Nxc3 $19) 29... Qxc3 {The rest requires no
comments.} 30. Rb1 h5 31. Ne3 b5 32. Qf1 Qd2 33. a3 Rf8 34. Rd1 Qb2 35. b4 Ne2+
36. Kh2 Nc3 37. Rc1 Rxf2 38. Qe1 Rd2 39. Qf1 Kb7 40. a4 Rf2 41. Qe1 Nxa4 0-1

[Event "Riga zt"]
[Site "Riga"]
[Date "1995.??.??"]
[Round "5"]
[White "Rausis, Igors"]
[Black "Sulskis, Sarunas"]
[Result "1-0"]
[WhiteElo "2495"]
[BlackElo "2470"]
[Annotator "Chekhov,V"]
[PlyCount "73"]
[EventDate "1995.03.??"]
[EventType "tourn"]
[EventRounds "13"]
[EventCountry "LAT"]
[EventCategory "10"]
[SourceTitle "CBM 047"]
[Source "ChessBase"]
[SourceDate "1995.08.01"]
[SourceVersion "1"]
[SourceVersionDate "1995.08.01"]
[SourceQuality "1"]

1. e4 e5 2. Nf3 Nc6 3. Bb5 a6 4. Bxc6 dxc6 5. O-O f6 6. d4 exd4 7. Nxd4 c5 (
7... Bd6 $5 8. Be3 Ne7 9. Qh5+ Ng6 10. Nc3 O-O 11. Nf5 Bxf5 12. Qxf5 Qe7 13.
Rad1 Rad8 $10 {Romero Holmes,A/Razuvaev,Y/Palma de Mallorca/1991/0:1/41/}) 8.
Ne2 $5 (8. Nb3 Qxd1 9. Rxd1 Bg4 10. f3 Bd7 (10... Be6 11. Be3 b6 12. a4 c4 $5 (
12... Ne7 $5) (12... Kf7 $5) 13. Nd4 O-O-O 14. Nc3 Bf7 15. a5 b5 16. Ndxb5 $5 (
16. Kf2 $5) 16... Rxd1+ 17. Rxd1 axb5 18. Nxb5 Be7 $8 19. a6 Be8 20. a7 Bc6 21.
Ra1 Ba8 $13 {Malisauskas,V-Yandemirov,V/Katowice/1993/0,5/28/}) 11. Bf4 O-O-O
12. Nc3 c4 13. Na5 (13. Nd4 $5) 13... Bc5+ 14. Kf1 b5 15. Nd5 c6 (15... Ne7 $5)
16. b4 Ba7 17. Be3 Bxe3 18. Nxe3 Ne7 $13 {Seirawan,J-Karpov,A/Monaco/1993/})
8... Qxd1 9. Rxd1 Bg4 $5 {N/} (9... Bd7 10. Nbc3 O-O-O 11. Be3 b6 (11... Bd6
12. Bf4 Be6 13. Bxd6 Rxd6 $14) 12. Rd2 Re8 13. Rad1 Bc6 14. Nf4 Bd6 (14... Nh6
$5 {/\Nf7-e5=/}) 15. Nfd5 $5 {Glek,I-Kharitonov,A/Moscow/1992/1:0/52/}) 10. f3
Bd7 11. Nbc3 O-O-O 12. Be3 Bd6 (12... b6 $5) 13. Bf4 $1 Bxf4 $6 (13... Be6 $5
14. Bxd6 Rxd6 15. Rxd6 cxd6 $14) 14. Nxf4 Ne7 15. Rd2 Ng6 (15... Rde8 16. Rad1
Bc6 17. Ne6) 16. Nxg6 hxg6 17. Rad1 Be6 18. Rxd8+ Rxd8 19. Rxd8+ Kxd8 20. Kf2 (
20. h4 $1) 20... g5 21. Ke3 Ke7 22. g3 $16 b5 23. a3 Kd6 24. h4 gxh4 25. gxh4
b4 (25... g5 $5 26. hxg5 (26. h5 Ke7 {/\Bf7,Kf8/}) 26... fxg5 {/\b4,a5,c4/})
26. Ne2 Bf7 $6 (26... a5 27. Ng3 g6) 27. f4 Kc6 (27... a5 $5) 28. Ng3 Kb5 $6 (
28... g6 $5) 29. Nf5 g6 30. Nh6 Be8 (30... Be6 31. f5 gxf5 32. exf5 Bd7 33. Kf4
{/\Ng4+-/}) 31. Ng8 $18 bxa3 32. bxa3 f5 33. Nf6 Bf7 34. exf5 gxf5 35. h5 Ka4 (
35... Bxh5 36. Nxh5 Ka4 37. Kd3 Kxa3 38. Kc3 a5 39. Ng7 $18) 36. h6 Bg6 37. Nd7
{/\Nf8/} (37. Nd7 Bh7 38. Nxc5+ Kxa3 39. Nxa6 $18) 1-0

[Event "Montreal International"]
[Site "Montreal"]
[Date "1979.04.27"]
[Round "12"]
[White "Ljubojevic, Ljubomir"]
[Black "Tal, Mihail"]
[Result "1/2-1/2"]
[WhiteElo "2590"]
[BlackElo "2615"]
[Annotator "ChessBase"]
[PlyCount "44"]
[EventDate "1979.04.11"]
[EventType "tourn"]
[EventRounds "18"]
[EventCountry "CAN"]
[EventCategory "15"]
[SourceTitle "MCL"]
[Source "ChessBase"]
[SourceDate "1999.07.01"]
[SourceVersion "1"]
[SourceVersionDate "1999.07.01"]
[SourceQuality "1"]

1. e4 e5 2. Nf3 Nc6 3. Bb5 a6 4. Bxc6 dxc6 5. O-O f6 6. d4 Bg4 7. dxe5 Qxd1 8.
Rxd1 fxe5 (8... Bxf3 9. gxf3 fxe5 10. f4 (10. Be3) 10... Nf6) 9. Rd3 {Fischer}
Bd6 10. Nbd2 Nf6 11. b3 $5 (11. Nc4 {Fischer,R-Spassky,B (16)/Wch Reykjavik/
1972/}) 11... O-O-O 12. Bb2 Bxf3 $2 (12... Rhe8) 13. Nxf3 Nxe4 14. Re3 $1 Nf6
15. Nxe5 Rhe8 16. h3 $2 (16. g3 $142 {/\f4}) 16... Nd5 17. Re4 Re6 18. Rae1
Rde8 19. a3 {><b4: Nd5-b4, Bd6-b4.} Nf6 20. R4e3 Nd5 21. Re4 Nf6 22. R4e3 Nd5
1/2-1/2

[Event "BL2-West 9394"]
[Site "Germany"]
[Date "1994.??.??"]
[Round "?.1"]
[White "Seitaj, Ilir"]
[Black "Dautov, Rustem"]
[Result "0-1"]
[WhiteElo "2410"]
[BlackElo "2625"]
[Annotator "Dautov,R"]
[PlyCount "74"]
[EventDate "1993.10.??"]
[EventType "team-tourn"]
[EventRounds "9"]
[EventCountry "GER"]
[SourceTitle "CBM 039"]
[Source "ChessBase"]
[SourceDate "1994.04.01"]
[SourceVersion "1"]
[SourceVersionDate "1994.04.01"]
[SourceQuality "1"]
[WhiteTeam "Saarbruecken"]
[BlackTeam "Gelsenkirchen"]
[WhiteTeamCountry "GER"]
[BlackTeamCountry "GER"]

1. e4 e5 2. Nf3 Nc6 3. Bb5 a6 4. Bxc6 dxc6 5. O-O f6 6. d4 exd4 7. Nxd4 c5 8.
Ne2 Qxd1 9. Rxd1 Bd7 10. Nbc3 O-O-O 11. Bf4 Ne7 12. Bg3 (12. Rd2 Ng6 13. Bg3
Ne5 14. Bxe5 fxe5 15. Rad1 c4 16. Kf1 Bc5 17. Ng1 {Fischer-Spassky/S.
Stefan-Beograd m/27/1992} Rhf8 $1 {/\Rf7,Rdf8-/+ Balashov}) 12... Nc6 13. Nd5
Ne5 14. b3 Bd6 $1 15. c4 (15. Nb6+ $6 cxb6 16. Rxd6 Bc6 17. Bxe5 fxe5 18. Rxd8+
Rxd8 19. Nc3 Rd2 20. Rc1 b5 $15) 15... Be6 16. Nec3 {N} (16. f3 Rhe8 $6 (16...
c6 17. Nef4 $1 Bf7 18. Ne3 {+/= van der Wiel} g6 $10) (16... Bf7 $5 {Nikolic,Pr
} 17. Nec3 (17. a4 $5 b6 18. Nec3) 17... c6 18. Nb6+ Kc7 19. Nca4 g5 $13) (
16... b5 $5) 17. Nec3 c6 18. Nb6+ Kc7 19. Nca4 g5 20. Rd2 Be7 $1 21. Rad1 Rxd2
22. Rxd2 Rd8 23. Rxd8 Kxd8 24. Kf1 {van der Wiel-Nikolic,Pr/Wijk aan Zee/1988}
Bd6 $1 25. Ke2 Kc7 26. Bf2 Bf7 27. Na8+ Kb8 28. N8b6 Kc7 $10 {van der Wiel})
16... h5 $5 17. h3 (17. h4 $5 c6 18. Nb6+ Kc7 19. Nca4 Bf7 (19... Rhe8 $5 {/\}
20. Rxd6 $2 (20. f4 Nf7 $15) 20... Rxd6 21. f4 Rd3 $1 $17) (19... g5 $2 20.
hxg5 fxg5 21. Rxd6 $1 $16) 20. Rd2 Be7 21. Rad1 Rxd2 22. Rxd2 Rd8 23. Rxd8 Kxd8
$10) 17... h4 18. Bh2 c6 (18... Bf7 19. a4 $1 Bh5 20. Rdb1 $1 (20. Rd2 c6 21.
Nf4 (21. Nb6+ $2 Kc7 22. a5 Nf3+ $19) 21... Bf7 22. Rad1 Bc7 $10) (20. f3 c6
21. Nb6+ $6 Kc7 22. a5 Bxf3 $1 23. Rxd6 Rxd6 24. Bxe5 fxe5 25. gxf3 Rd3 $17)
20... b6 (20... Nc6 21. Bxd6 Rxd6 22. a5 $36 {/\Na4}) 21. a5 Kb7 22. Ra2 $13)
19. Ne3 $2 (19. Nf4 Bf7 $15) (19. Nb6+ Kc7 20. Nca4 g5 $15 21. Bxe5 $2 (21. Rd2
$2 Nf3+ $19) 21... Bxe5 22. Nxc5 Bf7 $19) (19. f4 $1 Ng6 (19... Nf7 20. f5 $1
Bxd5 21. exd5 Bxh2+ 22. Kxh2 $10) 20. f5 (20. Nb6+ $6 Kc7 21. f5 Ne5 $1 22.
fxe6 Kxb6 $17) 20... cxd5 21. cxd5 (21. fxe6 $6 Bxh2+ 22. Kxh2 dxc4 23. bxc4
Rhe8 $17) (21. Bxd6 Rxd6 22. cxd5 Bxf5 23. exf5 Ne7 24. Ne4 Rxd5 25. Rxd5 Nxd5
26. Nxc5 Rh5 $15) 21... Bxf5 (21... Bxh2+ 22. Kxh2 Bxf5 23. exf5 Ne7 24. Na4
$10) (21... Bf7 22. fxg6 Bxg6 23. Bxd6 Rxd6 24. Rf1 $10) 22. exf5 Ne5 (22...
Ne7 23. Na4 $10) 23. Ne4 $10) 19... Bc7 $1 $15 {/\b5,<->d,><d4} (19... Nd3 $6
20. Bxd6 Rxd6 21. Ncd5 $1 cxd5 22. cxd5 $10) 20. Rxd8+ (20. f4 Nd3 21. f5 Bxh2+
22. Kxh2 Bf7 $15) (20. a4 Rd4 21. Nc2 Rxd1+ 22. Rxd1 Rd8 23. Rxd8+ Kxd8 $15 {
/\Nd3-c1,b5}) 20... Rxd8 21. Rd1 Rd4 (21... b5 $5 22. Rxd8+ Kxd8 23. cxb5 axb5
$17) 22. Na4 (22. Nc2 Rxd1+ 23. Nxd1 Nd3 $17) (22. a4 Ba5 $17) (22. Bxe5 Bxe5
23. Nc2 Rxd1+ 24. Nxd1 f5 25. f3 fxe4 26. fxe4 b5 $17) 22... Nd7 $17 23. Bxc7
Kxc7 24. f3 b5 25. Nb2 (25. cxb5 axb5 26. Nc3 Kd6 $17) 25... Ne5 26. cxb5 axb5
$1 27. Rc1 (27. Kf2 $142 Rxd1 28. Nexd1 (28. Nbxd1 Nd3+ 29. Kf1 Nc1 $17) 28...
c4 29. bxc4 (29. b4 c5 30. bxc5 b4 $17) 29... Nxc4 30. Nxc4 Bxc4 31. a3 Kd6 $17
) 27... Nd3 $19 28. Nxd3 (28. Rc2 Nb4 29. Rxc5 Kb6 30. Rh5 Nxa2 $19) 28... Rxd3
29. Nd1 $138 Kd6 30. Nc3 Ke5 31. Rc2 (31. Kf2 Rd2+ 32. Ke3 Rxg2 $19) 31... Kd4
32. Ne2+ Ke3 33. Nc1 Rd1+ 34. Kh2 c4 35. a4 Rd2 36. Rxd2 Kxd2 37. a5 Kxc1 0-1